Detalles MARC
| 000 -CABECERA |
| campo de control de longitud fija |
02088nam a2200325 a 4500 |
| 001 - NÚMERO DE CONTROL |
| campo de control |
000035659 |
| 003 - IDENTIFICADOR DEL NÚMERO DE CONTROL |
| campo de control |
DO-SdBNP |
| 005 - FECHA Y HORA DE LA ÚLTIMA TRANSACCIÓN |
| campo de control |
20260312135003.0 |
| 007 - CAMPO FIJO DE DESCRIPCIÓN FÍSICA--INFORMACIÓN GENERAL |
| campo de control de longitud fija |
ta |
| 008 - DATOS DE LONGITUD FIJA--INFORMACIÓN GENERAL |
| campo de control de longitud fija |
111108e1998 dr fr 001 edspa d |
| 040 ## - FUENTE DE LA CATALOGACIÓN |
| Centro catalogador/agencia de origen |
DO-SdBNP |
| Lengua de catalogación |
spa |
| Centro/agencia transcriptor |
BNPHU |
| 082 #4 - NÚMERO DE LA CLASIFICACIÓN DECIMAL DEWEY |
| Número de edición |
22 |
| Número de documento/Ítem |
O74m |
| 100 1# - ENTRADA PRINCIPAL--NOMBRE DE PERSONA |
| Nombre de persona |
Ornes Coiscou, Germán E., |
| Fechas asociadas al nombre |
1919-1998 |
| 9 (RLIN) |
57814 |
| 245 13 - MENCIÓN DE TÍTULO |
| Título |
El monopolio y su situación legal en la República Dominicana. / |
| Mención de responsabilidad, etc. |
Germán E. Ornes C.; Edición, Rosa Gilda de Jualián, Amadeo Julián; pról., Pelegrín Castillo. |
| 260 ## - PUBLICACIÓN, DISTRIBUCIÓN, ETC. |
| Lugar de publicación, distribución, etc. |
Santo Domingo : |
| Nombre del editor, distribuidor, etc. |
Banreservas, |
| Fecha de publicación, distribución, etc. |
1998 |
| 300 ## - DESCRIPCIÓN FÍSICA |
| Extensión |
174 p. ; |
| Dimensiones |
23 cm. |
| 490 1# - MENCIÓN DE SERIE |
| Mención de serie |
Banreservas |
| -- |
Derecho ; |
| Designación de volumen o secuencia |
2 |
| 500 ## - NOTA GENERAL |
| Nota general |
Esta colección es un programa cultural de la Dirección de Relaciones Públicas de Difusión. |
| 500 ## - NOTA GENERAL |
| Nota general |
Incluye datos biográficos del autor en la solapas de las cubiertas. |
| 501 ## - NOTA DE "CON" |
| Nota de “Con” |
Con: Ilustración de portada: Fragmento del Mural de Vela Zanetti ubicado en la oficina principal de la calle Iabel La Católica. |
| 502 ## - NOTA DE TESIS |
| Nota de tesis |
Tesis para el doctorado, Universidad Autónoma de Santo Domingo |
| 505 ## - NOTA DE CONTENIDO CON FORMATO |
| Nota de contenido con formato |
Presentación. / |
| Mención de responsabilidad |
Dr. Roberto B. Saladín Selin. Administrador General del Banco de Reservas de la República Dominicana. |
| Título |
Prólogo. / |
| Mención de responsabilidad |
Dr. Peregrin Castillo |
| 505 ## - NOTA DE CONTENIDO CON FORMATO |
| Nota de contenido con formato |
Introducción. |
| Mención de responsabilidad |
Primera Parte. |
| Título |
Capítulo I. El Monopolio en la sociedad moderna.-- |
| -- |
Capítulo II. Formas de establecer o prolongar los monopolios.-- |
| -- |
Capítulo III. Organizaciones monopolistas y disposiciones legales sobre la materia.-- |
| Información miscelánea |
Segunda parte. |
| Título |
Capítulo IV. Los monopolios en la época colonial.-- |
| -- |
Capítulo V. Noventa años de evolución de un principio constitucional.-- |
| -- |
Capítulo VI. Influencia de ciertas leyes y concesiones en los monopolio.-- |
| -- |
Capítulo VII. Estado actual de la cuestión.-- |
| -- |
Conclusiones.-- |
| -- |
Jurado de la tesis.-- |
| -- |
Lista de obras consultadas. |
| 590 ## - NOTA LOCAL (RLIN) |
| Nota local |
Inventariado 2023 / MF |
| 650 #4 - PUNTO DE ACCESO ADICIONAL DE MATERIA--TÉRMINO DE MATERIA |
| 9 (RLIN) |
36780 |
| Término de materia o nombre geográfico como elemento de entrada |
Tesis y Disertaciones Académicas |
| Subdivisión geográfica |
República Dominicana |
| 650 #0 - PUNTO DE ACCESO ADICIONAL DE MATERIA--TÉRMINO DE MATERIA |
| Término de materia o nombre geográfico como elemento de entrada |
Monopolios |
| 9 (RLIN) |
83067 |
| 830 #0 - PUNTO DE ACCESO ADICIONAL DE SERIE-TÍTULO UNIFORME |
| Título uniforme |
Colección Banreservas. |
| Nombre de parte o sección de la obra |
Derecho ; |
| Número de parte o sección de la obra |
2 |
| 9 (RLIN) |
61583 |
| 910 ## - DATOS DE OPCIÓN DEL USUARIO (OCLC) |
| Datos de opción del usuario |
MFeliz |
| 942 ## - ELEMENTOS DE PUNTO DE ACCESO ADICIONAL (KOHA) |
| Fuente del sistema de clasificación o colocación |
Dewey Decimal Classification |
| Tipo de ítem Koha |
Libro |